000 00509nam a2200169 i 4500
001 101308
003 ES-MaACL
005 20230906182853.0
007 t|
008 051017s1932 fr ||||1| fre d
100 1 _aMaurras, Charles.
_979271
245 1 0 _aDictionnaire polithique et critique /
_cCharles Maurras; établi par les soins de Pierre Chardon.
260 _aParis :
_bCité des Livres,
_c1932.
300 _a5 v. ;
_c28 cm.
700 1 _aChardon, Pierre.
_938071
852 _aES-MaACL
_jC-19950-4
999 _c101308
_d101308